000 00479nam a2200181Ia 4500
003 GCL
008 140319s9999 xx 000 0 eng d
040 _aGCL /
_cGCL
082 0 4 _a822.33
_bT S
100 1 _aTHOMAON, PETER
245 1 0 _aSHAKESPEAR'S PROFESSIONAL CAREER /
_cTHOMAON, PETER
260 _a[S.N] :
_bCAMBRIDGE UNIVERSITY PRESS ،
_c1992
300 _a217 P
650 0 4 _aLITERATURE
650 0 4 _aSHAKESPEARE, WILLIAM
650 0 4 _aDRAMATISTS
942 _2ddc
_cBK
999 _c24401
_d24401